Statistics for 100 (well, 35) Largest US Cities - V

Click here to take the quiz!

General Stats

  • This quiz has been taken 103 times
  • The average score is 10 of 35

Answer Stats

RankPopulationCity% Correct
1450,224Virginia Beach, VA
85%
2910,984Victoria, MN
67%
967,078Victoria, TX
67%
2187,615Vancouver, WA
58%
1625,167Venice, FL
57%
4123,251Victorville, CA
51%
6105,856Ventura, CA
45%
3410,293Vernon, TX
45%
5121,722Vallejo, CA
39%
3136,959Visalia, CA
39%
8102,112Vacaville, CA
37%
7103,346Vista, CA
37%
2713,389Verona, WI
36%
1156,515Valdosta, GA
34%
2316,421Vienna, VA
33%
1920,837Vicksburg, MS
28%
1058,605Vineland, NJ
24%
1434,253Valparaiso, IN
22%
2018,105Vero Beach, FL
22%
2811,254Vermillion, SD
18%
1723,665Van Buren, AR
16%
2415,570Vineyard, UT
15%
1237,257Valley Stream, NY
13%
3210,412Vidalia, GA
12%
2216,790Vincennes, IN
10%
3010,678Van Wert, OH
7%
1526,427Vernon Hills, IL
7%
1821,113Villa Park, IL
7%
2514,939Vandalia, OH
6%
3110,584Vernal, UT
6%
1334,351Vestavia Hills, AL
6%
2613,719Vadnais Heights, MN
4%
3310,328Vermilion, OH
4%
2117,100Villa Rica, GA
4%
3510,079Vidor, TX
3%

Score Distribution

Percentile by Number Answered

Percent of People with Each Score

Your Score History

You have not taken this quiz